| 000 | 00462nam a2200181Ia 4500 | ||
|---|---|---|---|
| 003 | GCL | ||
| 008 | 140319s9999 xx 000 0 eng d | ||
| 040 |
_aGCL / _cGCL |
||
| 082 | 0 | 4 |
_a305.42062 _bA W |
| 100 | 1 | _aAMIN, QASIM | |
| 245 | 1 | 0 |
_aWOMEN AND THE VEIL / _cAMIN, QASIM |
| 260 |
_a[S.N] : _bAMERICAN UNIVERSITY IN CAIRO PRESS ، _c1992 |
||
| 300 | _a63 P | ||
| 650 | 0 | 4 | _aWOMEN |
| 650 | 0 | 4 | _aEGYPTIAN WOMEN |
| 650 | 0 | 4 | _aSOCIAL SCIENCE |
| 942 |
_2ddc _cBK |
||
| 999 |
_c15186 _d15186 |
||